| 000 | 01125cam a22003255a 4500 | ||
|---|---|---|---|
| 001 | 18202940 | ||
| 005 | 20150803105529.0 | ||
| 008 | 140625t20152015paua frbd 001 0 eng | ||
| 020 | _a9780060000370 (hbk.) | ||
| 020 | _a0060000376 | ||
| 040 |
_aDNLM/DLC _cDLC _dDLC _dEG-ScBUE _beng |
||
| 082 | 0 | 4 |
_a616.890231 _bPSY _222 |
| 245 | 1 | 0 |
_aPsychiatric nursing : _bcontemporary practice / _c[edited by] Mary Ann Boyd. |
| 250 | _a5th ed., Enhanced update. | ||
| 260 |
_aPhiladelphia : _bWolters Kluwer, _cc.2015. |
||
| 300 |
_axviii, 898 p. : _bill. (col.) ; _c28 cm. |
||
| 500 | _aIndex : p. 867-898. | ||
| 500 | _aGlossary : p. 839-863. | ||
| 500 | _aPrevious edition : 2008. | ||
| 500 | _aIncluding new patient experience videos on thePoint. | ||
| 504 | _aIncludes bibliographical references. | ||
| 650 | 7 |
_aMental Disorders _xnursing. _2BUEsh _910239 |
|
| 650 | 7 |
_aNursing Care _xmethods. _2BUEsh _928926 |
|
| 650 | 7 |
_aPsychiatric Nursing _xmethods. _2BUEsh _910238 |
|
| 651 | _2BUEsh | ||
| 653 |
_bNNUR _cJuly2015 |
||
| 655 |
_vreading book _934232 |
||
| 700 | 1 |
_aBoyd, Mary Ann, _eeditor. |
|
| 942 |
_2ddc _k616.890231 PSY |
||
| 999 |
_c20260 _d20232 |
||